00525nam a2200133 4500001000700000003000900007007000300016008004100019100003100060245021100091260004600302300002200348852002100370108438ES-MaACLt|061121s1927 sp r ||||1| spa d1 aMontero Gutiérrez, Eloy.13aEl matrimonio y las causas matrimoniales b: Disciplina de la Iglesia y de los principales Estados, especialmente de España y Jurisprudencia de los Tribunales eclesiásticos / cEloy Montero Gutiérrez. aSevilla : bEulogio de las Heras, c1927. a400 p. ; c22 cm. aES-MaACLjB-5200